000 00209nam a22000857a 4500
008 160706b xxu||||| |||| 00| 0 eng d
100 _92388
_aMischief
245 _aGaid Blytions Mr Meddle's
260 _aEngland
_c1940
999 _c2065
_d2065